Statistics for "Lyin' 2 Me" lyrics - Among Us song

Click here to take the quiz!

General Stats

  • This quiz has been taken 788 times
    (499 since last reset)
  • The average score is 219 of 373

Answer Stats

Lyrics% Correct
I
95%
a
90%
A
90%
me
90%
me,
90%
me.
90%
Me!
90%
to
86%
To
86%
Lyin'
85%
Lyin'.
85%
Lyin',
85%
do
84%
the
84%
Don't
73%
Go
72%
It
72%
(It)
72%
it
72%
No
69%
Body
67%
Body,
67%
Body!!!
67%
Was
67%
(Was)
67%
was
67%
you
67%
be?
66%
be
66%
be.
66%
Be,
66%
Saw
66%
in
64%
(There!)
64%
There!
64%
There
64%
they
59%
who
58%
did
57%
sus.
57%
again,
56%
dead,
55%
Oops,
55%
we
54%
We
54%
Are
53%
could
53%
vents,
53%
head,
52%
Another
51%
done
51%
Right
51%
(Right)
51%
where
51%
Oh,
50%
so
50%
So
50%
your
50%
his
49%
mate
49%
can
48%
misplaced
48%
wasn't
48%
crawling
47%
mean,
47%
elec...,
46%
prove
46%
that
46%
clue
44%
let
44%
Let
44%
Or
44%
Ain't
43%
ain't
43%
know
43%
'round
42%
Skeld,
42%
innocence?
41%
medbay,
41%
now,
41%
now
41%
ran?
41%
definitely
40%
Dyin',
40%
Dyin'.
40%
Jordan
40%
More
40%
Ellie
39%
hallways.
38%
Jerome
38%
blood.
37%
well
37%
around
36%
fresh
36%
Gonna
36%
too
36%
want
36%
been
35%
only
35%
through
35%
vampires
35%
everyone's
34%
charlatan
33%
Guess
33%
roaming
33%
I've
32%
gotta
31%
gotta,
31%
holiday.
31%
killer's
29%
Villain
27%
listen
24%
Listen
24%
not
24%
ears.
23%
all
21%
and
21%
And
21%
out.
21%
out
21%
triple-check.
21%
Lend
20%
fears.
17%
Off!!!
17%
this
17%
Back
16%
down.
16%
Just
16%
just
16%
at
14%
easy
14%
look
14%
lay
13%
lessen
13%
about
12%
figure
12%
Let's
11%
living
11%
logically,
11%
loving,
11%
alibis.
10%
free,
9%
likely
9%
each
8%
liability.
8%
lies.
8%
other's
8%
verify
8%
won't
8%
itemize
7%
liberty,
7%
need
7%
allegate,
6%
ejected,
6%
wanna
6%
litigate,
5%
live
5%

Score Distribution

Percentile by Number Answered

Percent of People with Each Score

Your Score History

You have not taken this quiz since the last reset